Éterifikácia viacsýtnych alkoholov

Gespeichert in:
Bibliographische Detailangaben
1. Verfasser: Klepáčová, Katarína
Format: Buch
Sprache:Slowakisch
Veröffentlicht: Bratislava STU FCHPT 2010
Online-Zugang:Im OPAC anzeigen
Tags: Tag hinzufügen
Keine Tags, Fügen Sie das erste Tag hinzu!

MARC

LEADER 00000nam a2200000 a 4500
005 20260127133930.0
008 110203 2010 xo 000 0 slo d
035 |a vtls010208564 
039 9 |y 201102030831  |z mschk03 
040 |a STUSCHK1  |b slo  |c STUSCHK1  |e AACR2 
100 1 |a Klepáčová, Katarína 
245 1 |a Éterifikácia viacsýtnych alkoholov  |c Katarína Klepáčová 
260 |a Bratislava  |b STU FCHPT  |c 2010 
300 |a 235 s.  |b il.  |c 30 cm 
500 |a Dizertačná práca 
500 |a Obháj.: 30.11. 2010 
500 |a Fakulta chemickej a potravinárskej technológie, Odd. organickej technológie 
500 |a Študijný program: organická technológia a technológia palív 
500 |a Evidenčné číslo: FCHPT-3322-41650 
910 |a SCHK95 
999 |c 304  |d 304